书目信息 |
| 题名: |
新编地图学教程
|
|
| 作者: | 蔡孟裔 编著 | |
| 分册: | ||
| 出版信息: | 北京 高等教育出版社 2000 |
|
| 页数: | 331页 | |
| 开本: | 23cm | |
| 丛书名: | ||
| 单 册: | ||
| 中图分类: | P28 | |
| 科图分类: | ||
| 主题词: | 地图学 | |
| 电子资源: | ||
| ISBN: | 7-04-007263-7 | |
| 000 | 00588nam0 2200205 450 | |
| 001 | 0741172134 | |
| 005 | 20070703091351.28 | |
| 010 | @a7-04-007263-7@dCNY23.60 | |
| 100 | @a20070622d2000 km y0chiy0120 ea | |
| 101 | 0 | @achi |
| 102 | @aCN@b110000 | |
| 200 | 1 | @a新编地图学教程@Axin bian di tu xue jiao cheng@f蔡孟裔等编著@Fcai meng yi deng bian zhu |
| 210 | @a北京@c高等教育出版社@d2000 | |
| 215 | @a331页@c彩图@d23cm | |
| 300 | @a面向21世纪课程教材 | |
| 606 | 0 | @a地图学 |
| 690 | @aP28@v3 | |
| 701 | 0 | @a蔡孟裔@Acai meng yi@4编著 |
| 801 | 0 | @aCN@bPFT@c20070703 |
| 905 | @a10447@dP28@e149 | |
| 新编地图学教程/蔡孟裔等编著.-北京:高等教育出版社,2000 |
| 331页:彩图;23cm |
| 面向21世纪课程教材 |
| ISBN 7-04-007263-7:CNY23.60 |
| ● |
| 相关链接 |
|
|
|
|
正题名:新编地图学教程
索取号:P28/149
 
预约/预借
| 序号 | 登录号 | 条形码 | 馆藏地/架位号 | 状态 | 备注 |
| 1 | 0668881 | 206688814 | 第二样本阅览室/ [索取号:P28/149] | 在馆 | |
| 2 | 0668882 | 206688823 | 密集书库/ [索取号:P28/149] | 在馆 | |
| 3 | 0668883 | 206688832 | 第三借阅区/ [索取号:P28/149] | 在馆 | |
| 4 | 0668884 | 206688841 | 密集书库/ [索取号:P28/149] | 在馆 | |
| 5 | 0668885 | 206688850 | 密集书库/ [索取号:P28/149] | 在馆 | |
| 6 | 0668886 | 206688869 | 密集书库/ [索取号:P28/149] | 在馆 | |
| 7 | 0668887 | 206688878 | 密集书库/ [索取号:P28/149] | 在馆 | |
| 8 | 0668888 | 206688887 | 密集书库/ [索取号:P28/149] | 在馆 | |
| 9 | 0764501 | 207645011 | 密集书库/ [索取号:P28/149] | 在馆 |